Normal view
MARC view
Entry Personal Name
001 - CONTROL NUMBER
- control field: 65876
003 - CONTROL NUMBER IDENTIFIER
- control field: dpl
005 - DATE AND TIME OF LATEST TRANSACTION
- control field: 20240507152326.0
008 - FIXED-LENGTH DATA ELEMENTS
- fixed length control field: 240507|| aca||aabn | a|a d
040 ## - CATALOGING SOURCE
- Original cataloging agency: dpl
- Transcribing agency: dpl
100 ## - HEADING--PERSONAL NAME
- Personal name: Dutt, Ashu
670 ## - SOURCE DATA FOUND
- Source citation: Work cat.: (dpl)202165: Dutt, Ashu, Master The Stock Market/, 2012
